Сила "Уроков на одном листе"; Методы менеджмента качества; № 8

Detalhes bibliográficos
Parent link:Методы менеджмента качества: научно-технический журнал/ Всероссийская организация качества (ВОК).— , 1999-.— 0130-6898
№ 8.— 2003.— С. 16
Autor principal: Искандарян Р. А.
Idioma:russo
Publicado em: 2003
Colecção:Стратегические альтернативы
Assuntos:
Formato: Capítulo de Livro
KOHA link:https://koha.lib.tpu.ru/cgi-bin/koha/opac-detail.pl?biblionumber=387134

MARC

LEADER 00000naa2a2200000 4500
001 387134
005 20231101063555.0
035 |a (RuTPU)RU\TPU\prd\16620 
090 |a 387134 
100 |a 20030828a2003 k y0rusy50 ca 
101 0 |a rus 
102 |a RU 
200 1 |a Сила "Уроков на одном листе"  |f Р. А. Искандарян 
225 1 |a Стратегические альтернативы 
461 1 |0 (RuTPU)RU\TPU\prd\1635  |x 0130-6898  |t Методы менеджмента качества  |o научно-технический журнал  |f Всероссийская организация качества (ВОК)  |d 1999- 
463 1 |0 (RuTPU)RU\TPU\prd\16415  |t № 8  |v С. 16  |d 2003 
610 1 |a ТРМ 
610 1 |a инструменты 
700 1 |a Искандарян  |b Р. А. 
801 1 |a RU  |b 63413507  |c 20030828  |g PSBO 
801 2 |a RU  |b 63413507  |c 20130520  |g RCR 
942 |c BK